A treatise on the mathematical theory of elasticity (Record no. 783)

MARC details
000 -LEADER
fixed length control field 00592nam a2200193Ia 4500
003 - CONTROL NUMBER IDENTIFIER
control field IN-BaIIA
008 - FIXED-LENGTH DATA ELEMENTS--GENERAL INFORMATION
fixed length control field 211028s9999 xx 000 0 eng d
040 ## - CATALOGING SOURCE
Transcribing agency IIA Library
080 ## - UNIVERSAL DECIMAL CLASSIFICATION NUMBER
Universal Decimal Classification number 539.8
Item number LOV
100 ## - MAIN ENTRY--PERSONAL NAME
Personal name Love, A. E. H.
9 (RLIN) 1683
245 #2 - TITLE STATEMENT
Title A treatise on the mathematical theory of elasticity
Statement of responsibility, etc. A. E. H. Love
250 ## - EDITION STATEMENT
Edition statement 4th ed.
260 ## - PUBLICATION, DISTRIBUTION, ETC.
Place of publication, distribution, etc. New York
Name of publisher, distributor, etc. Dover Publications
Date of publication, distribution, etc. 1944
300 ## - PHYSICAL DESCRIPTION
Extent xviii, 643p.
650 ## - SUBJECT ADDED ENTRY--TOPICAL TERM
Topical term or geographic name entry element Elastic properties
9 (RLIN) 1684
650 ## - SUBJECT ADDED ENTRY--TOPICAL TERM
Topical term or geographic name entry element Mathematical theory
9 (RLIN) 1685
650 ## - SUBJECT ADDED ENTRY--TOPICAL TERM
Topical term or geographic name entry element Plastic properties
9 (RLIN) 1686
942 ## - ADDED ENTRY ELEMENTS (KOHA)
Koha item type Books
Holdings
Withdrawn status Lost status Damaged status Not for loan Home library Current library Shelving location Date acquired Total Checkouts Full call number Barcode Date last seen Price effective from Koha item type
        IIA Library-Bangalore IIA Library-Kodaikanal General Stacks     539.8/ LOV 808 05/11/2021   Books

Powered by Koha